playwrights - Statistics

General Stats
  • This quiz has been taken 41 times
  • The average score is 11 of 15
Answer Stats
notable play playwright % Correct
Macbeth William Shakespeare
100%
The Importance of Being Ernest Oscar Wilde
87%
Waiting for Godot Samuel Beckett
87%
The Crucible Arthur Miller
84%
Cat on a Hot Tin Roof Tennessee Williams
84%
A Doll's House Henrik Ibsen
81%
Faust Johann Wolfgang von Goethe
81%
Pygmalion George Bernard Shaw
77%
Ajax Sophocles
71%
Uncle Vanya Anton Chekhov
68%
The Mousetrap Agatha Christie
61%
Medea Euripides
55%
Lysistrata Aristophanes
52%
The Misanthrope Moliere
48%
The Dumb Waiter Harold Pinter
29%
No matching quizzes found
Score Distribution
Percent of People with Each Score
Percentile by Number Answered
Your Score History
You have not taken this quiz